[Event "Østlandsserien 3A"]
[Site "H-281, Husdyrinstituttet, NLH"]
[Date "1984.01.22"]
[Round "4.1"]
[White "Lea, Per"]
[Black "Bjørnland, Svein A"]
[Result "0-1"]
[WhiteElo "1788"]
[BlackElo "1968"]
[PlyCount "80"]
[EventDate "1983.11.15"]
[WhiteTeam "Ås"]
[BlackTeam "Fredriksstad"]

1. e4 Nf6 2. e5 Nd5 3. d4 d6 4. c4 Nb6 5. f4 dxe5 6. fxe5 Nc6 7. Be3 Bf5 8. Nc3
e6 9. Be2 Be7 10. Nf3 f6 11. O-O O-O 12. a3 Qe8 13. Qe1 Rd8 14. b4 fxe5 15.
dxe5 Bd3 16. c5 Nc4 17. Bxd3 Rxd3 18. Bf2 Rdxf3 19. gxf3 N6xe5 20. Bg3 Nxf3+
21. Rxf3 Rxf3 22. Qxe6+ Qf7 23. Qxf7+ Kxf7 24. Nd5 c6 25. Nxe7 Kxe7 26. a4 g5
27. Rb1 h5 28. b5 Ke6 29. bxc6 bxc6 30. Rb7 a5 31. Rc7 Kd5 32. Bf2 Ne5 33. Ra7
h4 34. Kg2 h3+ 35. Kg1 Ra3 36. Rg7 Ra1+ 37. Be1 Nd3 38. Rxg5+ Ke6 39. Rg6+ Kf7
40. Rxc6 Rxe1# 0-1

[Event "Østlandsserien 3A"]
[Site "H-281, Husdyrinstituttet, NLH"]
[Date "1984.03.13"]
[Round "6"]
[Board "1"]
[White "Lea, Per"]
[Black "Knudsen, Ragnar"]
[PlyCount "34"]
[WhiteElo "1788"]
[BlackElo "1768"]
[WhiteTeam "Ås"]
[BlackTeam "Moss 2"]
[EventDate "1983.11.15"]
[Result "1/2-1/2"]
1.e4 g6 2.d4 Bg7 3.c4 c5 4.dxc5 Qa5+ 5.Bd2 Qxc5 6.Nc3 d6 7.Nf3 Nf6
8.Bd3 Nc6 9.a3 Qb6 10.Qc2 Ng4 11.O-O Nge5 12.Nxe5 Nxe5 13.Be2 Be6 14.
b3 Nc6 15.Qb1 Nd4 16.Bd1 O-O 17.Ra2 Rfc8
1/2-1/2

[Event "Østlandsserien 3A"]
[Site "Marker Rådhus, Ørje"]
[Date "1984.03.15"]
[Round "7"]
[Board "1"]
[White "Kolstad, Arvid"]
[Black "Lea, Per"]
[PlyCount "82"]
[WhiteElo "1113"]
[BlackElo "1788"]
[WhiteTeam "Marker"]
[BlackTeam "Ås"]
[EventDate "1983.11.15"]
[Result "0-1"]
1.e4 e5 2.Nf3 Nc6 3.Nc3 Bb4 4.Nd5 Bc5 5.Bc4 Nf6 6.d3 h6 7.a3 d6 8.
b4 Bb6 9.h3 Nxd5 10.Bxd5 Ne7 11.Bb3 f5 12.Qe2 Nc6 13.c3 Qe7 14.Nd2 g6
15.Nc4 Be6 16.Nxb6 axb6 17.Bxe6 Qxe6 18.Rb1 O-O-O 19.b5 Ne7 20.c4 g5
21.g3 f4 22.gxf4 exf4 23.Qg4 Qxg4 24.hxg4 Ng6 25.f3 Ne5 26.Ke2 Rh7
27.Bb2 Rdh8 28.Bc3 h5 29.Bxe5 dxe5 30.Rxh5 Rxh5 31.gxh5 Rxh5 32.Rf1
Rh2+ 33.Rf2 Rxf2+ 34.Kxf2 Kd7 35.Ke2 Kd6 36.Kd2 Kc5 37.Ke2 c6 38.bxc6
bxc6 39.Kd2 Kd4 40.a4 c5 41.Ke2 Kc3
0-1

[Event "Østlandsserien 4B"]
[Site "Ås"]
[Date "1984.11.18"]
[Round "1.1"]
[White "Hvesser, Roar"]
[Black "Stensland, Martin"]
[Result "0-1"]
[WhiteElo "1449"]
[BlackElo "1176"]
[PlyCount "56"]
[EventDate "1984.11.18"]
[WhiteTeam "Indre Østfold 2"]
[BlackTeam "Ås 2"]

1. d4 d5 2. c4 dxc4 3. Nf3 Nf6 4. Bg5 e6 5. e3 Be7 6. Nc3 O-O 7. Bxc4 c6 8. O-O
Nd5 9. Bxe7 Qxe7 10. Rc1 f5 11. Ne5 Nd7 12. Nxd7 Bxd7 13. Bxd5 exd5 14. Qd2 Rf6
15. Ne2 Raf8 16. Rc3 Rh6 17. g3 Qg5 18. Kg2 f4 19. Nxf4 Qe7 20. Rh1 g5 21. Nd3
Bh3+ 22. Kg1 Qe4 23. Ne1 Rhf6 24. f3 Rxf3 25. Nxf3 Rxf3 26. Rc1 Rxe3 27. Rd1 h6
28. b3 Re2 0-1

[Event "Østlandsserien 3C"]
[Site "H-281, Husdyrinstituttet, NLH"]
[Date "1984.12.09"]
[Round "2.1"]
[White "Lea, Per"]
[Black "Ulvin, Dag"]
[PlyCount "130"]
[WhiteElo "1784"]
[BlackElo "1775"]
[WhiteTeam "Ås"]
[BlackTeam "Lillestrøm"]
[EventDate "1984.11.11"]
[Result "0-1"]
1.e4 Nc6 2.d4 d5 3.e5 Bf5 4.Bb5 e6 5.Nf3 Ne7 6.O-O Ng6 7.Nc3 Be7 8.
Ne2 Bg4 9.Ne1 Bxe2 10.Qxe2 a6 11.Bxc6+ bxc6 12.Nd3 Qd7 13.c3 O-O 14.
f4 Rfe8 15.Rf3 f6 16.Rh3 Nf8 17.Be3 Rab8 18.Rf1 a5 19.Qh5 c5 20.dxc5
Qb5 21.Bd4 f5 22.g4 g6 23.Qh6 fxg4 24.Rg3 Nd7 25.f5 exf5 26.e6 Bf8
27.Qg5 Nxc5 28.Rxf5 Ne4 29.Rxf8+ Kxf8 30.Qh6+ Ke7 31.Qxh7+ Kd8 32.Be5
Rc8 33.e7+ Rxe7 34.Qg8+ Re8 35.Qxg6 Qb6+ 36.Qxb6 cxb6 37.Rxg4 Nc5 38.
Bf6+ Kc7 39.Nxc5 bxc5 40.Rg7+ Kd6 41.Rg4 Rg8 42.h3 Rxg4+ 43.hxg4 Ke6
44.g5 Rb8 45.b3 a4 46.bxa4 Ra8 47.Kf2 Rxa4 48.Ke3 Rxa2 49.Kf3 Ra4 50.
Ke3 Kf5 51.Kd3 Re4 52.Bd8 Re6 53.Kd2 Ke4 54.Bf6 Ra6 55.Kc2 Ke3 56.Be7
c4 57.Bc5+ Kf4 58.Be7 Ra2+ 59.Kd1 Ke3 60.Kc1 Kd3 61.Bf6 Rg2 62.Kb1 d4
63.Bxd4 Rxg5 64.Kb2 Rb5+ 65.Kc1 Rb3
0-1

[Event "Østlandsserien 3C"]
[Site "Hotel Victoria, Fredrikstad"]
[Date "1985.01.27"]
[Round "3.1"]
[White "Bjørnland, Svein A"]
[Black "Lea, Per"]
[PlyCount "59"]
[WhiteElo "1962"]
[BlackElo "1765"]
[WhiteTeam "Fredriksstad"]
[BlackTeam "Ås"]
[EventDate "1984.11.11"]
[Result "1-0"]
1.c4 e6 2.Nc3 d5 3.d4 Nf6 4.Bf4 Bd6 5.g3 Bxf4 6.gxf4 Nc6 7.e3 b6 8.
Bg2 Bb7 9.cxd5 Nxd5 10.Nxd5 exd5 11.Ne2 O-O 12.Ng3 Re8 13.O-O Qd7 14.
f5 f6 15.Qg4 Qf7 16.Rfc1 Rac8 17.Rc3 Nb4 18.a3 Na6 19.Nh5 c5 20.Rac1
Kh8 21.Nf4 c4 22.Re1 b5 23.e4 dxe4 24.Rh3 Nc7 25.Ng6+ Kg8 26.Rxh7 Qd7
27.Qh5 Qxd4 28.Ne5 Qxf2+ 29.Kxf2 e3+ 30.Rxe3
1-0

[Event "Østlandsserien 3C"]
[Site "Høgskolen i Østfold"]
[Date "1985.02.27"]
[Round "4"]
[White "Brøndbo, Ivar"]
[Black "Lea, Per"]
[WhiteElo "1769"]
[BlackElo "1765"]
[WhiteTeam "Halden"]
[BlackTeam "Ås"]
[PlyCount "66"]
[EventDate "1984.11.11"]
[Result "1/2-1/2"]
1.Nf3 Nf6 2.d4 d5 3.c4 e6 4.Nc3 Be7 5.Bf4 O-O 6.e3 c6 7.Bd3 Nbd7 8.
h3 dxc4 9.Bxc4 Nb6 10.Bd3 Nfd5 11.Bh2 h6 12.Rc1 Bd6 13.O-O Bxh2+ 14.
Kxh2 Qd6+ 15.g3 Nd7 16.Bb1 e5 17.Qc2 f5 18.dxe5 Nxe5 19.Nd4 Nxc3 20.
Qxc3 Bd7 21.Rfd1 Qf6 22.Kg2 Rad8 23.Rd2 b6 24.Rcd1 c5 25.Ne2 Bc6+ 26.
Kf1 Rxd2 27.Qxd2 Bb7 28.Qd6 Nc4 29.Qxf6 Rxf6 30.b3 Rd6 31.Rxd6 Nxd6
32.Nc3 Kf7 33.Ke2 Ke6
1/2-1/2

[Event "Østlandsserien 3C"]
[Site "H-281, Husdyrinstituttet, NLH"]
[Date "1985.03.24"]
[Round "5.1"]
[White "Lea, Per"]
[Black "Kristiansen, Rune"]
[WhiteElo "1765"]
[BlackElo "1581"]
[WhiteTeam "Ås"]
[BlackTeam "Moss 2"]
[EventDate "1984.11.11"]
[Result "1/2-1/2"]
[PlyCount "83"]
1.e4 d5 2.exd5 Qxd5 3.Nc3 Qa5 4.d4 Nf6 5.Bd2 c6 6.Nf3 Bf5 7.Bc4 e6
8.Bb3 Qc7 9.Qe2 Be7 10.h3 Nbd7 11.O-O-O b5 12.g4 Bg6 13.Ne5 b4 14.
Nxg6 hxg6 15.Ne4 Nxe4 16.Qxe4 Nf6 17.Qe2 a5 18.Ba4 Nd5 19.Qe5 Qxe5 20.
dxe5 Rc8 21.Bb3 c5 22.Bxd5 exd5 23.c3 d4 24.c4 Kd7 25.Kc2 Rh7 26.Rh2
Rch8 27.Rdh1 f6 28.Bf4 g5 29.Bg3 a4 30.Kd3 Bd8 31.Ke4 Ke6 32.f4 gxf4
33.Bxf4 Be7 34.h4 g5 35.hxg5 Rxh2 36.Rxh2 Rxh2 37.Bxh2 fxg5 38.Bg3
Bd8 39.Kd3 Ba5 40.b3 a3 41.Ke4 Bc7 42.Bh2
1/2-1/2

[Event "Østlandsserien 3B"]
[Site "Moss"]
[Date "1985.12.07"]
[Round "2"]
[Board "1"]
[White "Lea, Per"]
[Black "Knudsen, Ragnar"]
[WhiteElo "1693"]
[BlackElo "1815"]
[WhiteTeam "Ås"]
[BlackTeam "Moss"]
[EventDate "1985.11.17"]
[Result "0-1"]
[PlyCount "88"]
1.e4 c6 2.d4 d5 3.Nc3 dxe4 4.Nxe4 Bf5 5.Ng3 Bg6 6.h4 h6 7.h5 Bh7 8.
Nf3 Nd7 9.Bd3 Bxd3 10.Qxd3 Qc7 11.Bd2 e6 12.O-O-O Ngf6 13.Ne4 O-O-O
14.Nxf6 Nxf6 15.Ne5 c5 16.Bc3 Bd6 17.f4 Nd5 18.g3 Bxe5 19.fxe5 cxd4
20.Bxd4 Nb4 21.Qb3 Nc6 22.Qc3 Rd5 23.Rhe1 Rhd8 24.Be3 Qxe5 25.Qxe5
Rxe5 26.g4 Re4 27.Rxd8+ Nxd8 28.Kd2 Nc6 29.Rf1 f6 30.Rf4 Rxf4 31.Bxf4
Kd7 32.a3 Ne7 33.c4 g5 34.hxg6 Nxg6 35.Bxh6 Ne5 36.Kc3 Nxg4 37.Bf4
Kc6 38.b4 e5 39.Bg3 a6 40.Kd3 f5 41.Ke2 f4 42.Be1 e4 43.Bc3 f3+ 44.
Ke1 e3
0-1

[Event "Ã˜stlandsserien 3B"]
[Site "Oslo"]
[Date "1986.02.23"]
[Round "6.2"]
[White "Lea, Per"]
[Black "Sande, Tommy"]
[Result "0-1"]
[WhiteElo "1713"]
[BlackElo "1685"]
[PlyCount "80"]
[EventDate "1985.11.17"]
[WhiteTeam "Ã…s 1"]
[BlackTeam "O.S.S. 4"]

1. e4 c6 2. d4 d5 3. Nc3 dxe4 4. Nxe4 Bf5 5. Ng3 Bg6 6. h4 h6 7. h5 Bh7 8. Nf3
Nf6 9. Bd3 Bxd3 10. Qxd3 Nbd7 11. c4 Qc7 12. Be3 e6 13. O-O-O O-O-O 14. Kb1 Be7
15. Ne2 Rhe8 16. Qc2 Ng4 17. Bf4 Bd6 18. Bxd6 Qxd6 19. Ng3 Ngf6 20. Rhe1 Qc7
21. Ne5 Nxe5 22. dxe5 Nd7 23. f4 f5 24. Ne2 Nc5 25. Nc3 Qf7 26. Qe2 b6 27. Qf3
Kc7 28. b4 Ne4 29. Nxe4 fxe4 30. Rxe4 Qf5 31. Rxd8 Rxd8 32. Kb2 Qf8 33. Kc3 a5
34. a3 Ra8 35. Kb3 axb4 36. axb4 Qd8 37. Qe3 $4 (37. Re1 $14) 37... Qd1+ 38.
Kb2 Qa1+ 39. Kc2 Ra2+ 40. Kd3 Qd1+ 0-1

[Event "Østlandsserien 4C"]
[Site "Ås"]
[Date "1986.11.16"]
[Round "1"]
[Board "1"]
[White "Johansen, Anders Sten"]
[Black "Pedersen, Egil"]
[WhiteElo "1181"]
[BlackElo "1653"]
[PlyCount "49"]
[WhiteTeam "Ås 1"]
[BlackTeam "Sjakkameratene 2"]
[EventDate "1986.11.16"]
[Result "1-0"]
1. e4 c5  2. Nc3 Nc6 3. g3 g6 4. Bg2 Bg7 5. d3 d6 6. f4 f5 7.
exf5 Bxf5 8. Nf3 Nf6 9. O-O O-O 10. Rb1 a6 11. Qe2 Qd7 12. Ne4 Bg4 13. c3 Bh3
14. Neg5 Bxg2 15. Kxg2 h6 16. Ne6 Rf7 17. Nh4 Kh7 18. Ng5+ hxg5 19. fxg5 Raf8
20. gxf6 Rxf6 21. Nf3 Kg8 22. Bg5 Rf5 23. Rbe1 e5 24. g4 R5f7 25. h3 1-0

[Event "Østlandsserien 4C"]
[Site "Ås"]
[Date "1986.11.16"]
[Round "1"]
[Board "3"]
[White "Roberts, Dewi S"]
[Black "Henriksen, Jan Erik"]
[WhiteElo "989"]
[BlackElo "1377"]
[PlyCount "111"]
[WhiteTeam "Ås 1"]
[BlackTeam "Sjakkameratene 2"]
[EventDate "1986.11.16"]
[Result "1-0"]
1. e4 c6 2. d4 d5 3. Nc3 dxe4 4. Nxe4 Nf6 5. Nxf6+ gxf6 6. Bc4 Bf5 7. Bf4 e6 8.
Nf3 Bd6 9. Be3 Qc7 10. h3 Nd7 11. Qd2 Rg8 12. Bd3 Bg6 13. O-O-O O-O-O 14. Rdg1
f5 15. Ne5 Nb6 16. Bg5 Bxe5 17. Bxd8 Rxd8 18. dxe5 Qxe5 19. Re1 Qd5 20. b3 Qxg2
21. Qe3 Qd5 22. h4 h5 23. Rd1 Qa5 24. Kb2 Nd5 25. Qe5 Qc5 26. f4 f6 27. Qxe6+
Kc7 28. Bxf5 Qc3+ 29. Kb1 Bxf5 30. Qxf5 Ne3 31. Qh7+ Kc8 32. Rxd8+ Kxd8 33.
Qd3+ Qxd3 34. cxd3 Nf5 35. Kc2 Kd7 36. Kc3 a5 37. Rg1 b5 38. a3 Nxh4 39. Rh1
Ng2 40. Rxh5 Nxf4 41. Rh7+ Kd6 42. Ra7 Nd5+ 43. Kd2 Nc7 44. Rxa5 Kc5 45. b4+
Kb6 46. d4 f5 47. Kd3 Nd5 48. Ra8 Kc7 49. Rf8 f4 50. Ke4 Kd6 51. Rh8 Ke6 52.
Re8+ Kd7 53. Re5 Kc7 54. Rxd5 cxd5+ 55. Kxf4 Kd6 56. Kf5 1-0

[Event "Østlandsserien 4C"]
[Site "Ås"]
[Date "1986.11.16"]
[Round "1"]
[Board "4"]
[White "Stolpestad, Jan"]
[Black "Larsen, Vidar Stave"]
[WhiteElo "1341"]
[BlackElo "720"]
[PlyCount "80"]
[EventDate "]
[WhiteTeam "Sjakkameratene 2"]
[BlackTeam "Ås 1"]
[EventDate "1986.11.16"]
[Result "1-0"]
1. d4 d5 2. c4 c6 3. Nf3 Nf6 4. e3 Bg4 5. Nc3 e6 6. c5 Be7 7. Be2 O-O 8. O-O b6
9. b4 a5 10. bxa5 bxc5 11. a4 cxd4 12. Nxd4 Bxe2 13. Ndxe2 Qxa5 14. Ba3 Bxa3
15. Rxa3 Nbd7 16. Qc2 c5 17. Rd1 Ne5 18. Nb5 Qb4 19. Nec3 Rfd8 20. Raa1 d4 21.
exd4 cxd4 22. Ne4 Nxe4 23. Qxe4 Ng6 24. Rxd4 Qa5 25. Rad1 Rab8 26. Rxd8+ Rxd8
27. Rxd8+ Qxd8 28. Qe1 h6 29. h3 Qa8 30. Qa1 Nf4 31. f3 Qa5 32. Qd1 Qb6+ 33.
Kh2 e5 34. Qe1 Nd3 35. Qe4 Nb2 36. Nc3 Qa5 37. Nd5 Qxa4 38. Qxe5 Qb5 39. Ne7+
Kf8 40. Qxb5 Kxe7 1-0

[Event "Østlandsserien 4C"]
[Site "Oslo"]
[Date "1986.12.06"]
[Round "2"]
[Board "3"]
[White "Larsen, Vidar Stave"]
[Black "Nordby, Arild"]
[WhiteElo "720"]
[BlackElo "1287"]
[PlyCount "88"]
[WhiteTeam "O.S.S. 5"]
[BlackTeam "Ås 1"]
[EventDate "1986.11.16"]
[Result "0-1"]
1. e4 e5 2. Nf3 Nf6 3. d3 Nc6 4. Bg5 Bc5 5. Qe2 O-O 6. Nbd2 d6 7. h3 Be6 8. c3
Qe7 9. b4 Bb6 10. a4 a5 11. b5 Nd8 12. Qd1 Bd7 13. Nc4 Ne6 14. Nxb6 cxb6 15.
Be3 Nc5 16. c4 Be6 17. Be2 h6 18. O-O Nfd7 19. d4 exd4 20. Bxd4 Nxe4 21. Qc2
Nef6 22. Rfe1 Rac8 23. Nd2 Nc5 24. Qc3 Rfd8 25. Bxf6 Qxf6 26. Qxf6 gxf6 27.
Rec1 d5 28. cxd5 Bxd5 29. Bc4 Bxg2 30. Nb3 Bxh3 31. Kh2 Be6 32. Nxc5 bxc5 33.
Rg1+ Kf8 34. Bxe6 fxe6 35. Rg6 Kf7 36. Rxh6 Rh8 37. Rxh8 Rxh8+ 38. Kg3 e5 39.
Rc1 b6 40. Rd1 Ke6 41. Kg4 Rh7 42. Rd8 Rd7 43. Rb8 Rd6 44. Re8+ Kd5 0-1

[Event "Østlandsserien 4C"]
[Site "Ås"]
[Date "1986.12.07"]
[Round "3"]
[Board "1"]
[White "Johansen, Anders Sten"]
[Black "Lie, Per-Tore"]
[WhiteElo "1181"]
[BlackElo "1736"]
[PlyCount "23"]
[WhiteTeam "Ås 1"]
[BlackTeam "SK 1911 3"]
[EventDate "1986.11.16"]
[Result "1/2-1/2"]
1. e4 e6 2. d4 d5 3. Nd2 Nf6 4. e5 Nfd7 5. f4 c5 6. c3 Nc6 7. Ndf3 cxd4 8. cxd4
Bb4+ 9. Bd2 Qb6 10. Ne2 Be7 11. Qc2 Nb4 12. Bxb4 1/2-1/2

[Event "Østlandsserien 4C"]
[Site "Ås"]
[Date "1986.12.07"]
[Round "3"]
[Board "2"]
[White "Engedal, Nicolai"]
[Black "Stensland, Espen"]
[WhiteElo "1373"]
[BlackElo "1128"]
[PlyCount "38"]
[WhiteTeam "SK 1911 3"]
[BlackTeam "Ås 1"]
[EventDate "1986.11.16"]
[Result "1-0"]
1. e4 c5 2. Nf3 d6 3. d4 cxd4 4. Nxd4 Nf6 5. Nc3 a6 6. Bg5 e6 7. Qd2 Be7 8. Be2
Nbd7 9. O-O-O O-O 10. h4 Nc5 11. f3 Nh5 12. g4 Bxg5 13. hxg5 Ng3 14. Rh3 Nxe2+
15. Ndxe2 e5 16. Rdh1 f6 17. gxf6 Qxf6 18. Nd5 Qf7 19. Qg5 g6 1-0

[Event "Østlandsserien 4C"]
[Site "Ås"]
[Date "1986.12.07"]
[Round "3"]
[Board "3"]
[White "Larsen, Vidar Stave"]
[Black "Andersen, Øystein"]
[WhiteElo "720"]
[BlackElo "1359"]
[PlyCount "60"]
[WhiteTeam "Ås 1"]
[BlackTeam "SK 1911 3"]
[EventDate "1986.11.16"]
[Result "0-1"]
1. e4 c6 2. d4 d5 3. e5 Bf5 4. Nc3 e6 5. a3 c5 6. Nf3 Nc6 7. Be2 Qc7 8. Bf4 a6
9. Qd2 cxd4 10. Nxd4 Nxd4 11. Qxd4 Bxc2 12. Bd1 Bc5 13. Qd2 Bxd1 14. Qxd1 Ne7
15. O-O O-O 16. b4 Bxb4 17. axb4 Qxc3 18. Rb1 Ng6 19. Bg3 Rac8 20. Re1 Qc2 21.
Qxc2 Rxc2 22. Rbc1 Rfc8 23. Ra1 h5 24. h4 Rb2 25. Reb1 Rcc2 26. Rxb2 Rxb2 27.
Ra4 Re2 28. f4 Re4 29. Ra5 Rxb4 30. Rc5 Rc4 0-1

[Event "Østlandsserien 4C"]
[Site "Oslo"]
[Date "1987.01.25"]
[Round "4"]
[Board "3"]
[White "Bergstrøm, Mats"]
[Black "Johansen, Anders Sten"]
[WhiteElo "1214"]
[BlackElo "1220"]
[PlyCount "54"]
[WhiteTeam "Stjernen 4"]
[BlackTeam "Ås 1"]
[EventDate "1986.11.16"]
[Result "0-1"]
1. c4 e5 2. Nc3 Nc6 3. g3 g6 4. Bg2 Bg7 5. Nf3 d6 6. O-O f5 7. d3 Nf6 8. a3 O-O
9. Rb1 Be6 10. Nd2 Qd7 11. b4 Rab8 12. Nb3 f4 13. b5 Ne7 14. c5 d5 15. d4 fxg3
16. hxg3 e4 17. a4 Bh3 18. Ba3 c6 19. Bc1 Bxg2 20. Kxg2 Nh5 21. Bg5 Bf6 22. Qd2
Qg4 23. Bf4 Nf5 24. Bxb8 Bg5 25. Qe1 Rxb8 26. Nd1 Bf4 27. Kh2 Qh4+ 0-1

[Event "Østlandsserien 4B"]
[Site "Oslo"]
[Date "1987.11.14"]
[Round "1"]
[Board "1"]
[White "Gulliksen, Tomm"]
[Black "Wilberg, Alf"]
[Result "1-0"]
[WhiteElo "1571"]
[BlackElo "1401"]
[PlyCount "55"]
[EventDate "1987.11.14"]
[WhiteTeam "Stjernen 3"]
[BlackTeam "Ås 1"]

1. e4 c6 2. d4 d5 3. e5 Bf5 4. Bd3 Bxd3 5. Qxd3 e6 6. Nf3 Ne7 7. Bg5 Qa5+ 8.
Nbd2 Ng6 9. O-O h6 $2 10. Nh4 Nxh4 11. Bxh4 Qc7 12. f4 Be7 13. Bxe7 Qxe7 14. c4
O-O 15. f5 f6 16. fxe6 Qxe6 17. exf6 Rxf6 18. cxd5 cxd5 $2 19. Rae1 Rxf1+ 20.
Qxf1 Qc6 $2 21. Re7 Qg6 22. Nf3 Nc6 23. Rxb7 Rf8 24. Qd1 Rf4 25. h3 Qe4 26. b4
Nxd4 27. Rb8+ Kh7 $2 28. Ng5+ $1 1-0

[Event "Østlandsserien 4B"]
[Site "Oslo"]
[Date "1987.11.14"]
[Round "1.2"]
[White "Johansen, Anders Sten"]
[Black "Simonsen, Petter"]
[Result "1-0"]
[WhiteElo "1309"]
[BlackElo "1275"]
[PlyCount "96"]
[EventDate "1987.11.14"]
[WhiteTeam "Ås 1"]
[BlackTeam "Stjernen 3"]

1. e4 e6 2. d4 d5 3. Nd2 Nf6 4. e5 Nfd7 5. f4 c5 6. c3 Nc6 7. Ndf3 Be7 8. g4 $2
(8. Bd3) 8... cxd4 9. cxd4 Bh4+ 10. Ke2 Be7 11. Kf2 f6 12. Kg2 fxe5 13. fxe5
Qb6 14. Bd3 Nf8 15. Ne2 Bd7 16. a3 O-O-O 17. b4 h5 18. g5 a6 19. Bd2 Be8 20.
Rc1 Kb8 21. h4 Bg6 22. Bxg6 Nxg6 23. Qc2 Nf8 24. Qb1 Rc8 25. Rc3 Qa7 26. b5
axb5 27. Qxb5 Nd7 28. Rb1 Ka8 29. Nf4 Nf8 30. Nd3 Qa6 31. Qxa6+ bxa6 32. Rb6
Na7 33. Rxc8+ Nxc8 34. Rb3 Ng6 35. Bb4 Ka7 36. Bc5+ Bxc5 37. Nxc5 Nf4+ 38. Kg3
Rf8 39. Rb7+ Ka8 40. Rxg7 Ne2+ 41. Kg2 Nf4+ 42. Kg3 Nb6 43. Nxa6 Nc4 44. Nc7+
Kb8 45. Na6+ Ka8 46. Nc7+ Kb8 47. Na6+ Kc8 48. Rc7+ Kd8 {Her blir notasjonen
feil (Ås sjakklubbs reatinglefse 1/1988 side 15). Hvit vant etter ytterligere
ca 25 trekk.} 1-0

[Event "Østlandsserien 4B"]
[Site "Oslo"]
[Date "1987.11.14"]
[Round "1.3"]
[White "Gulliksen, Leif"]
[Black "Kristiansen, Tore Knut"]
[Result "0-1"]
[WhiteElo "1446"]
[BlackElo "1397"]
[PlyCount "138"]
[EventDate "1987.11.14"]
[WhiteTeam "Stjernen 3"]
[BlackTeam "Ås 1"]

1. e4 e5 2. Nf3 Nc6 3. Bb5 a6 4. Ba4 d6 5. h3 Nf6 6. O-O Be7 7. Re1 b5 8. Bb3
O-O 9. c3 Bb7 10. d4 exd4 11. cxd4 d5 12. e5 Ne4 13. a3 Na5 14. Bc2 c5 15. b3
cxd4 16. Nxd4 Nc6 17. Nxc6 Bxc6 18. b4 a5 19. f3 Bh4 20. fxe4 Bxe1 21. Qxe1
dxe4 22. bxa5 Qd4+ 23. Be3 Qxa1 24. Qg3 Rae8 25. Bf4 Qd4+ 26. Kh2 {
[%emt 0:00:00]} h6 27. Bxh6 Qxe5 28. Bf4 Qf6 29. Nd2 Qg6 30. Qe3 Re7 31. Qc5
Re6 32. Nf3 Qf6 33. Bg5 Qg6 34. Nd4 Rfe8 35. Nxe6 Qxe6 36. Bb3 Qe5+ 37. Qxe5
Rxe5 38. Be3 Re8 39. a6 Rd8 40. a7 Rd3 41. a4 Rxb3 42. axb5 Rxb5 43. Kg3 f5 44.
Kf4 Kf7 45. g4 fxg4 46. hxg4 g5+ 47. Kg3 Ke6 48. Kf2 Ba8 49. Ke2 Kd7 50. Kd2
Kc6 51. Kc3 Rd5 52. Kc4 Bb7 53. Bd4 Rb5 54. Be3 Rd5 55. Bf2 Rd3 56. Bc5 Rg3 57.
Bd4 Rxg4 58. Be3 Rg2 59. Kd4 Kb5 60. Ke5 g4 61. Kf4 Ka6 62. Bd4 Bc6 63. Be3 Kb7
64. Bd4 Ka8 65. Be3 g3 66. Bd4 Rd2 67. Be3 Rd3 68. Bg1 g2 69. Bf2 Rf3+ 0-1

[Event "Østlandsserien 4B"]
[Site "Oslo"]
[Date "1987.11.14"]
[Round "1.4"]
[White "Grønvold, Jan"]
[Black "Kumle, Liv Trude"]
[Result "1-0"]
[WhiteElo "1118"]
[BlackElo "1392"]
[PlyCount "69"]
[EventDate "1987.11.14"]
[WhiteTeam "Ås 1"]
[BlackTeam "Stjernen 3"]

1. d4 d5 2. c4 dxc4 3. Nf3 e6 4. Nc3 Nf6 5. e4 Bb4 6. Qa4+ Nc6 7. Bg5 h6 8.
Bxf6 Qxf6 9. Bxc4 O-O 10. a3 Bxc3+ 11. bxc3 a6 12. Qc2 e5 13. d5 Ne7 14. O-O
Ng6 15. Rfe1 Bg4 16. Re3 b5 17. Bf1 c6 18. c4 cxd5 19. cxd5 Rac8 20. Qb2 Rc5
21. Rc1 Rxc1 22. Qxc1 Rc8 23. Qb2 Bxf3 24. Rxf3 Qd6 25. Rc3 Rc5 $4 26. Qb4 Rxd5
27. exd5 Qxd5 28. Rc8+ Kh7 29. g3 Qd1 30. Qc3 Ne7 31. Qd3+ Qxd3 32. Bxd3+ Ng6
33. Rc7 a5 34. Rxf7 Kh8 35. Bxg6 1-0

[Event "Østlandsserien 4B"]
[Site "Ski"]
[Date "1987.12.06"]
[Round "2.1"]
[White "Kirkebø, Bernt"]
[Black "Wilberg, Alf"]
[Result "1-0"]
[WhiteElo "1617"]
[BlackElo "1401"]
[PlyCount "61"]
[EventDate "1987.11.14"]
[WhiteTeam "Ski 3"]
[BlackTeam "Ås 1"]

1. e4 c6 2. d4 d5 3. Nc3 dxe4 4. Nxe4 Nf6 5. Ng3 Bg4 6. Be2 Bxe2 7. Qxe2 Qxd4
8. Nf3 Qd5 9. Be3 Nbd7 10. c4 Qa5+ 11. Bd2 Qc7 12. O-O e6 13. Rfe1 h6 14. b4
O-O-O $2 15. a4 Bd6 16. b5 c5 17. a5 Bxg3 18. hxg3 g5 19. b6 Qc6 20. bxa7 Qa6
21. Ne5 Nxe5 22. Qxe5 Nd7 23. Qe3 Qxa7 24. Reb1 Nb8 25. Bc3 Rhg8 26. Rb5 Na6
27. Be5 Rd7 28. Rab1 Rgd8 29. Qf3 Nb4 30. g4 Nc6 $4 31. Qxc6+ $1 1-0

[Event "Østlandsserien 4B"]
[Site "Oslo"]
[Date "1987.12.06"]
[Round "2.2"]
[White "Johansen, Anders Sten"]
[Black "Klevenberg. Bjarne"]
[Result "1-0"]
[WhiteElo "1309"]
[BlackElo "1673"]
[PlyCount "39"]
[EventDate "1987.11.14"]
[WhiteTeam "Ås 1"]
[BlackTeam "Ski 3"]

1. e4 e6 2. d4 d5 3. Nd2 Nf6 4. e5 Nfd7 5. f4 Be7 6. Ndf3 c5 7. c3 Nc6 8. Bd3
h6 $2 9. Ne2 O-O 10. O-O f6 11. Qe1 fxe5 $2 12. fxe5 cxd4 13. cxd4 Qb6 14. Kh1
Kh8 15. Qg3 Rg8 16. Nf4 g5 17. Qh3 Bf8 18. Ng6+ Kg7 19. Nxg5 hxg5 20. Bxg5 1-0

[Event "Østlandsserien 4B"]
[Site "Ski"]
[Date "1987.12.06"]
[Round "2.3"]
[White "Warendorph, Hakon"]
[Black "Stensland, Espen"]
[Result "1-0"]
[WhiteElo "1579"]
[BlackElo "1152"]
[PlyCount "87"]
[EventDate "1987.11.14"]
[WhiteTeam "Ski 3"]
[BlackTeam "Ås 1"]

1. d4 e6 2. c4 Nf6 3. Nc3 b6 4. Bg5 Be7 5. Nf3 Bb7 6. e3 Ne4 7. Bxe7 Qxe7 8.
Nb5 d5 9. a3 a6 10. Nc3 Nxc3 11. bxc3 O-O 12. Bd3 Nd7 13. O-O c5 14. a4 Bc6 15.
Re1 dxc4 16. Bxc4 b5 17. axb5 axb5 18. Be2 Rab8 19. Qc2 Nf6 20. Ne5 Bd5 21. Bf3
Bxf3 22. Nxf3 b4 23. cxb4 cxd4 24. Nxd4 Qd6 25. Qc5 Qxc5 26. bxc5 Rfc8 27. Rec1
g6 28. Ra6 Nd5 29. g3 Rb6 30. Rxb6 Nxb6 31. c6 Nd5 32. Nb5 Nc7 33. Nd6 Rb8 34.
f4 Kf8 35. e4 f5 36. e5 Ke7 37. Nb7 Rc8 38. Nd6 Rb8 39. Kg2 Ra8 40. Kh3 Ne8 41.
c7 Nxd6 42. exd6+ Kd7 43. Kh4 Kxd6 44. c8=Q 1-0

[Event "Østlandsserien 4B"]
[Site "Ski"]
[Date "1987.12.06"]
[Round "2.4"]
[White "Larsen, Vidar Stave"]
[Black "Brotnov, Henning J B"]
[Result "0-1"]
[WhiteElo "657"]
[BlackElo "1033"]
[PlyCount "81"]
[EventDate "1987.11.14"]
[WhiteTeam "Ås 1"]
[BlackTeam "Ski 3"]

1. e4 e5 2. Nf3 d5 3. d4 exd4 4. Qxd4 Nc6 5. Qxd5 Qxd5 6. exd5 Nb4 7. Na3 Nxd5
8. Nc4 Bf5 9. c3 O-O-O 10. Ne3 Be4 11. Be2 Nf4 12. Bf1 Nf6 13. Ne5 Bd5 14. Nxd5
N6xd5 15. g3 Re8 16. gxf4 f6 17. Bg2 Nb6 18. Be3 fxe5 19. fxe5 Nc4 20. Bh3+ Kb8
21. O-O-O Nxe3 22. fxe3 Bc5 23. e6 Bxe3+ 24. Kb1 g5 25. Rd7 h5 26. Bf5 Bc5 27.
Bg6 Rxe6 28. Rhd1 Bd6 29. Bf5 Rf6 30. Be4 Kc8 31. Rg7 Rf4 32. Bh7 Rff8 33. Be4
g4 34. Rh1 Rf2 35. Re1 Bxh2 36. Bh7 Rhf8 37. Rge7 Rf1 38. Kc2 Rxe1 39. Rxe1 g3
40. Be4 g2 41. Bg6 0-1

[Event "Østlandsserien 4B"]
[Site "Ås"]
[Date "1988.03.20"]
[Round "5.2"]
[White "Førrisdal, Ole Kristian"]
[Black "Lea, Per"]
[Result "1/2-1/2"]
[WhiteElo "1725"]
[BlackElo "1711"]
[EventDate "1987.11.14"]
[PlyCount "89"]
[WhiteTeam "Sarpsborg 2"]
[BlackTeam "Ås 1"]

1. e4 e5 2. Nf3 Nc6 3. Bc4 Bc5 4. Nc3 Nf6 5. d3 d6 6. Be3 Bb6 7. Qd2 Bg4 8. h3
Bxf3 9. gxf3 Nd4 10. Bxd4 Bxd4 11. Ne2 Bb6 12. f4 Qe7 13. Ng3 g6 14. O-O-O
O-O-O 15. Rhe1 exf4 16. Qxf4 Qe5 17. Qd2 Nh5 18. d4 Qa5 19. c3 Nxg3 20. fxg3
Qh5 21. Qg2 Rhf8 22. g4 Qg5+ 23. Qd2 Qxd2+ 24. Rxd2 Rde8 25. Rde2 Kd8 26. Rf1
f6 27. b4 c5 28. Bb5 Re7 29. e5 cxb4 30. Rxf6 Rxf6 31. exf6 Rxe2 32. Bxe2 bxc3
33. Bc4 $2 Bxd4 34. f7 Ke7 35. Bd5 h6 36. Kc2 b5 37. Kb3 a5 38. Kc2 b4 39. Bb3
Kf8 40. Kd3 Bf6 41. Kc2 Kg7 42. Bd5 Bd8 43. Kb3 Bb6 44. Be6 Kf8 45. Kc2 1/2-1/2